Japan's sunshine project
Spremljeno u:
| Format: | Knjiga |
|---|---|
| Jezik: | Undetermined |
| Izdano: |
Tokyo
MITI
1974
|
| Teme: | |
| Oznake: |
Dodaj oznaku
Bez oznaka, Budi prvi tko označuje ovaj zapis!
|
| Thư viện lưu trữ: | Trung tâm Học liệu Trường Đại học Cần Thơ |
|---|
| LEADER | 00375nam a2200157Ia 4500 | ||
|---|---|---|---|
| 001 | CTU_98875 | ||
| 008 | 210402s9999 xx 000 0 und d | ||
| 082 | |a 621 | ||
| 082 | |b J34 | ||
| 245 | 0 | |a Japan's sunshine project | |
| 260 | |a Tokyo | ||
| 260 | |b MITI | ||
| 260 | |c 1974 | ||
| 650 | |a Sunshine | ||
| 904 | |i Truc | ||
| 980 | |a Trung tâm Học liệu Trường Đại học Cần Thơ | ||